[Event "DMP Ekstraliga 2020"]
[Site "Krakow"]
[Date "2020.08.31"]
[Round "6.9"]
[White "Nurkiewicz, Maciej"]
[Black "Barski, Radoslaw"]
[Result "1-0"]
[WhiteElo "2326"]
[BlackElo "2444"]
[Annotator "ChessBase"]
[PlyCount "125"]
[EventDate "2020.08.26"]
[EventType "team-tourn"]
[EventCountry "POL"]
[SourceTitle "playchess.com"]
[Source "ChessBase"]
[SourceQuality "1"]
[WhiteTeam "Wrzos Miedzyborow"]
[BlackTeam "UKS 21 Podlesie"]
[TimeControl "30/5400+30:1800+30"]

1. d4 {[%emt 0:00:00]} Nf6 {[%emt 0:00:00]} 2. c4 {[%emt 0:00:00]} g6 {[%emt 0:00:00]} 3. Nc3 {[%emt 0:00:00]} Bg7 {[%emt 0:00:00]} 4. e4 {[%emt 0:00:57]} d6 {[%emt 0:00:00]} 5. Nf3 {[%emt 0:00:12]} O-O {[%emt 0:00:08]} 6. Be2 {[%emt 0:00:17]} Nbd7 {[%emt 0:00:43]} 7. O-O {[%emt 0:00:28]} e5 {[%emt 0:00:04]} 8. Re1 {[%emt 0:04:20]} c6 {[%emt 0:01:20]} 9. b3 {[%emt 0:12:04]} exd4 {[%emt 0:03:41]} 10. Nxd4 {[%emt 0:00:09]} Re8 {[%emt 0:00:28]} 11. Bf3 {[%emt 0:16:33]} Ne5 {[%emt 0:04:21]} 12. Bb2 {[%emt 0:03:02]} a6 {[%emt 0:14:39]} 13. h3 {[%emt 0:08:45]} b5 {[%emt 0:03:59]} 14. cxb5 {[%emt 0:06:20]} cxb5 {[%emt 0:06:54]} 15. Nc6 {[%emt 0:24:42]} Nxc6 {[%emt 0:09:23]} 16. e5 {[%emt 0:00:12]} Nxe5 {[%emt 0:20:47]} 17. Bxa8 {[%emt 0:00:07]} Bxh3 {[%emt 0:00:04]} 18. Bf3 {[%emt 0:00:20]} Be6 {[%emt 0:00:06]} 19. Ne4 {[%emt 0:10:03]} Nxe4 {[%emt 0:02:34]} 20. Bxe4 {[%emt 0:00:09]} d5 {[%emt 0:05:16]} 21. Bc2 {[%emt 0:00:12]} Qg5 {[%emt 0:05:16]} 22. Kf1 {[%emt 0:00:03]} Qh4 {[%emt 0:08:32]} 23. Bxe5 {[%emt 0:00:44]} Qh1+ {[%emt 0:05:17]} 24. Ke2 {[%emt 0:00:02]} Bg4+ {[%emt 0:00:05]} 25. Kd3 {[%emt 0:02:12]} Qxg2 {[%emt 0:05:41]} 26. Bxg7 {[%emt 0:00:17]} Bxd1 {[%emt 0:00:50]} 27. Rxe8+ {[%emt 0:00:08]} Kxg7 {[%emt 0:00:04]} 28. Rxd1 {[%emt 0:02:43]} h5 {[%emt 0:01:06]} 29. Ke2 {[%emt 0:02:01]} h4 {[%emt 0:01:10]} 30. Re3 {[%emt 0:00:03]} f5 {[%emt 0:00:44]} 31. Rd4 {[%emt 0:30:41]} Qh1 {[%emt 0:31:12]} 32. Rd1 {[%emt 0:01:01]} Qg2 {[%emt 0:00:32]} 33. Rd4 {[%emt 0:00:02]} Qg5 {[%emt 0:00:51]} 34. Rxd5 {[%emt 0:01:05]} Qg4+ {[%emt 0:00:27]} 35. Kf1 {[%emt 0:01:11]} h3 {[%emt 0:00:40]} 36. Rg3 {[%emt 0:00:32]} h2 {[%emt 0:00:27]} 37. Rd7+ {[%emt 0:02:53]} Kf6 {[%emt 0:00:30]} 38. Rxg4 {[%emt 0:00:08]} h1=Q+ {[%emt 0:00:25]} 39. Rg1 {[%emt 0:00:05]} Qc6 {[%emt 0:00:26]} 40. Rd2 {[%emt 0:00:00]} g5 {[%emt 0:00:00]} 41. Ke2 {[%emt 0:00:00]} g4 {[%emt 0:00:00]} 42. Kd1 {[%emt 0:00:00]} Qc3 {[%emt 0:00:00]} 43. Rg3 {[%emt 0:00:00]} Qa1+ {[%emt 0:00:00]} 44. Ke2 {[%emt 0:00:00]} Qh1 {[%emt 0:00:00]} 45. Rgd3 {[%emt 0:00:00]} Kg5 {[%emt 0:00:00]} 46. Rd1 {[%emt 0:00:00]} Qe4+ {[%emt 0:00:00]} 47. Kd2 {[%emt 0:00:00]} Qf4+ {[%emt 0:00:00]} 48. Kc3 {[%emt 0:00:00]} Qe5+ {[%emt 0:00:00]} 49. Rd4 {[%emt 0:00:00]} f4 {[%emt 0:00:00]} 50. Kb2 {[%emt 0:00:00]} Kh4 {[%emt 0:00:00]} 51. Kb1 {[%emt 0:00:00]} Kh3 {[%emt 0:00:00]} 52. Re4 {[%emt 0:00:00]} Qg5 {[%emt 0:00:00]} 53. Rdd4 {[%emt 0:01:38]} g3 {[%emt 0:00:00]} 54. fxg3 {[%emt 0:00:10]} fxg3 {[%emt 0:00:00]} 55. Rh4+ {[%emt 0:00:13]} Kg2 {[%emt 0:00:00]} 56. Rhg4 {[%emt 0:00:07]} Qf6 {[%emt 0:01:38]} 57. Rd2+ {[%emt 0:04:24]} Kh3 {[%emt 0:01:05]} 58. Rg6 {[%emt 0:00:17]} Qf1+ {[%emt 0:02:38]} 59. Kb2 {[%emt 0:00:42]} Qf7 {[%emt 0:00:27]} 60. a3 {[%emt 0:02:37]} a5 {[%emt 0:00:19]} 61. Rd8 {[%emt 0:01:09]} a4 {[%emt 0:02:29]} 62. b4 {[%emt 0:01:20]} g2 {[%emt 0:02:22]} 63. Rh8+ {[%emt 0:00:07]} 1-0

[Event "DMP Ekstraliga 2020"]
[Site "Krakow"]
[Date "2020.08.31"]
[Round "6.10"]
[White "Kosakowski, Jakub"]
[Black "Bartel, Michal"]
[Result "1-0"]
[WhiteElo "2418"]
[BlackElo "2274"]
[Annotator "ChessBase"]
[PlyCount "79"]
[EventDate "2020.08.26"]
[EventType "team-tourn"]
[EventCountry "POL"]
[SourceTitle "playchess.com"]
[Source "ChessBase"]
[SourceQuality "1"]
[WhiteTeam "UKS 21 Podlesie"]
[BlackTeam "Wrzos Miedzyborow"]
[TimeControl "30/5400+30:1800+30"]

1. e4 {[%emt 0:00:00]} e5 {[%emt 0:00:00]} 2. Nf3 {[%emt 0:00:00]} Nc6 {[%emt 0:00:00]} 3. Bb5 {[%emt 0:00:14]} a6 {[%emt 0:00:41]} 4. Ba4 {[%emt 0:00:17]} Nf6 {[%emt 0:00:38]} 5. O-O {[%emt 0:00:14]} Be7 {[%emt 0:00:05]} 6. Re1 {[%emt 0:00:12]} b5 {[%emt 0:00:05]} 7. Bb3 {[%emt 0:00:08]} d6 {[%emt 0:00:05]} 8. c3 {[%emt 0:00:11]} O-O {[%emt 0:00:09]} 9. h3 {[%emt 0:00:15]} Na5 {[%emt 0:00:53]} 10. Bc2 {[%emt 0:00:11]} c5 {[%emt 0:00:04]} 11. d4 {[%emt 0:00:14]} Qc7 {[%emt 0:00:03]} 12. Nbd2 {[%emt 0:00:12]} Bd7 {[%emt 0:00:09]} 13. d5 {[%emt 0:07:24]} c4 {[%emt 0:00:55]} 14. Nf1 {[%emt 0:05:42]} Nb7 {[%emt 0:00:06]} 15. Ng3 {[%emt 0:00:26]} Nc5 {[%emt 0:00:07]} 16. Nh2 {[%emt 0:05:09]} a5 {[%emt 0:01:06]} 17. Qf3 {[%emt 0:03:32]} b4 {[%emt 0:06:43]} 18. Nf5 {[%emt 0:13:13]} Bxf5 {[%emt 0:05:28]} 19. Qxf5 {[%emt 0:00:49]} Rab8 {[%emt 0:01:05]} 20. Qf3 {[%emt 0:01:22]} Nfd7 {[%emt 0:14:51]} 21. Nf1 {[%emt 0:02:07]} Nb6 {[%emt 0:06:22]} 22. Bd2 {[%emt 0:09:45]} Nba4 {[%emt 0:06:24]} 23. cxb4 {[%emt 0:01:21]} axb4 {[%emt 0:00:59]} 24. b3 {[%emt 0:00:14]} Nb2 {[%emt 0:01:30]} 25. Reb1 {[%emt 0:01:41]} c3 {[%emt 0:09:41]} 26. Bc1 {[%emt 0:05:11]} Ra8 {[%emt 0:02:23]} 27. a3 {[%emt 0:03:02]} Nxb3 {[%emt 0:12:51]} 28. Bxb3 {[%emt 0:02:31]} bxa3 {[%emt 0:00:15]} 29. Ra2 {[%emt 0:03:32]} Qc5 {[%emt 0:06:37]} 30. Bc2 {[%emt 0:01:54]} Ra5 {[%emt 0:03:32]} 31. Ng3 {[%emt 0:31:57]} g6 {[%emt 0:30:15]} 32. Ne2 {[%emt 0:07:29]} Rc8 {[%emt 0:00:22]} 33. Rba1 {[%emt 0:00:41]} Qb4 {[%emt 0:00:39]} 34. h4 {[%emt 0:00:46]} Rc4 {[%emt 0:02:37]} 35. h5 {[%emt 0:01:12]} Rd4 {[%emt 0:02:48]} 36. Qxc3 {[%emt 0:01:40]} Qxc3 {[%emt 0:01:29]} 37. Nxc3 {[%emt 0:00:05]} Rc4 {[%emt 0:00:20]} 38. Rxa3 {[%emt 0:00:16]} Rxc3 {[%emt 0:00:33]} 39. Rxa5 {[%emt 0:00:05]} Rxc2 {[%emt 0:00:13]} 40. R5a2 {[%emt 0:00:00]} 1-0

[Event "DMP Ekstraliga 2020"]
[Site "Krakow"]
[Date "2020.08.31"]
[Round "6.11"]
[White "Sliwerski, Radoslaw"]
[Black "Walter, Szymon"]
[Result "1/2-1/2"]
[WhiteElo "2042"]
[BlackElo "2288"]
[Annotator "ChessBase"]
[PlyCount "126"]
[EventDate "2020.08.26"]
[EventType "team-tourn"]
[EventCountry "POL"]
[SourceTitle "playchess.com"]
[Source "ChessBase"]
[SourceQuality "1"]
[WhiteTeam "Wrzos Miedzyborow"]
[BlackTeam "UKS 21 Podlesie"]
[TimeControl "30/5400+30:1800+30"]

1. d4 {[%emt 0:02:14]} e6 {[%emt 0:00:08]} 2. c4 {[%emt 0:00:08]} f5 {[%emt 0:00:19]} 3. g3 {[%emt 0:00:12]} Nf6 {[%emt 0:00:12]} 4. Bg2 {[%emt 0:00:02]} Be7 {[%emt 0:00:19]} 5. Nf3 {[%emt 0:00:11]} O-O {[%emt 0:00:20]} 6. O-O {[%emt 0:00:05]} d6 {[%emt 0:00:09]} 7. b3 {[%emt 0:05:24]} a5 {[%emt 0:01:26]} 8. Bb2 {[%emt 0:00:33]} a4 {[%emt 0:02:03]} 9. b4 {[%emt 0:03:00]} Ne4 {[%emt 0:02:41]} 10. a3 {[%emt 0:01:05]} Bf6 {[%emt 0:01:31]} 11. Nc3 {[%emt 0:06:30]} Qe8 {[%emt 0:00:44]} 12. Qc2 {[%emt 0:02:32]} Nxc3 {[%emt 0:13:53]} 13. Bxc3 {[%emt 0:00:06]} e5 {[%emt 0:00:58]} 14. e4 {[%emt 0:11:02]} Nc6 {[%emt 0:12:32]} 15. dxe5 {[%emt 0:07:20]} dxe5 {[%emt 0:00:31]} 16. b5 {[%emt 0:03:57]} Na5 {[%emt 0:02:32]} 17. Nd2 {[%emt 0:06:00]} f4 {[%emt 0:03:00]} 18. gxf4 {[%emt 0:12:51]} exf4 {[%emt 0:02:14]} 19. e5 {[%emt 0:00:56]} Be7 {[%emt 0:00:22]} 20. Be4 {[%emt 0:10:43]} Qh5 {[%emt 0:02:34]} 21. Kh1 {[%emt 0:01:45]} Be6 {[%emt 0:02:39]} 22. Rg1 {[%emt 0:07:14]} c6 {[%emt 0:02:50]} 23. Bxa5 {[%emt 0:06:42]} Rxa5 {[%emt 0:00:08]} 24. Qc3 {[%emt 0:00:07]} Raa8 {[%emt 0:00:30]} 25. bxc6 {[%emt 0:01:51]} bxc6 {[%emt 0:00:18]} 26. Bxc6 {[%emt 0:01:32]} Rac8 {[%emt 0:10:23]} 27. Bb7 {[%emt 0:05:40]} Rc7 {[%emt 0:05:23]} 28. Bf3 {[%emt 0:01:41]} Qh4 {[%emt 0:01:25]} 29. Qa5 {[%emt 0:01:28]} Rc5 {[%emt 0:03:02]} 30. Qb6 {[%emt 0:00:42]} Rxe5 {[%emt 0:03:21]} 31. Rae1 {[%emt 0:30:41]} Rxe1 {[%emt 0:35:44]} 32. Rxe1 {[%emt 0:00:07]} Bf7 {[%emt 0:02:18]} 33. Rg1 {[%emt 0:01:12]} Rd8 {[%emt 0:01:18]} 34. Ne4 {[%emt 0:00:46]} Qh3 {[%emt 0:07:47]} 35. Bg4 {[%emt 0:00:30]} Qxa3 {[%emt 0:02:40]} 36. c5 {[%emt 0:00:21]} h5 {[%emt 0:02:55]} 37. Be2 {[%emt 0:00:25]} Qa2 {[%emt 0:02:47]} 38. Qh6 {[%emt 0:00:47]} Qb2 {[%emt 0:01:16]} 39. Bxh5 {[%emt 0:00:17]} Bxh5 {[%emt 0:03:01]} 40. Qxh5 {[%emt 0:00:00]} a3 {[%emt 0:00:00]} 41. c6 {[%emt 0:00:00]} a2 {[%emt 0:00:00]} 42. c7 {[%emt 0:00:00]} a1=Q {[%emt 0:00:00]} 43. cxd8=Q+ {[%emt 0:00:00]} Bxd8 {[%emt 0:00:00]} 44. Qd5+ {[%emt 0:00:00]} Kh7 {[%emt 0:00:00]} 45. Rxa1 {[%emt 0:00:00]} Qxa1+ {[%emt 0:00:00]} 46. Kg2 {[%emt 0:00:00]} Qa5 {[%emt 0:00:00]} 47. Ng5+ {[%emt 0:00:00]} Kg6 {[%emt 0:00:00]} 48. Qxa5 {[%emt 0:00:00]} Bxa5 {[%emt 0:00:00]} 49. Ne6 {[%emt 0:00:00]} Kf6 {[%emt 0:00:00]} 50. Nxf4 {[%emt 0:00:00]} g5 {[%emt 0:00:00]} 51. Nd5+ {[%emt 0:00:00]} Kg6 {[%emt 0:00:00]} 52. Kf3 {[%emt 0:00:00]} Bd2 {[%emt 0:00:00]} 53. Kg4 {[%emt 0:00:00]} Bc1 {[%emt 0:00:00]} 54. h3 {[%emt 0:00:00]} Bd2 {[%emt 0:00:00]} 55. Ne3 {[%emt 0:00:00]} Bb4 {[%emt 0:00:00]} 56. Nc4 {[%emt 0:00:00]} Bc3 {[%emt 0:00:00]} 57. Nd6 {[%emt 0:00:00]} Bb4 {[%emt 0:00:00]} 58. Ne4 {[%emt 0:00:00]} Be7 {[%emt 0:00:00]} 59. Ng3 {[%emt 0:00:00]} Bc5 {[%emt 0:00:00]} 60. Kf3 {[%emt 0:00:00]} Bb6 {[%emt 0:00:00]} 61. Ke2 {[%emt 0:00:12]} Bd4 {[%emt 0:00:00]} 62. f3 {[%emt 0:00:24]} Be5 {[%emt 0:00:00]} 63. Kf2 {[%emt 0:03:06]} Bd4+ {[%emt 0:00:00]} 1/2-1/2

[Event "DMP Ekstraliga 2020"]
[Site "Krakow"]
[Date "2020.08.31"]
[Round "6.12"]
[White "Sliwicka, Alicja"]
[Black "Kulon, Klaudia"]
[Result "1-0"]
[WhiteElo "2317"]
[BlackElo "2336"]
[Annotator "ChessBase"]
[PlyCount "107"]
[EventDate "2020.08.26"]
[EventType "team-tourn"]
[EventCountry "POL"]
[SourceTitle "playchess.com"]
[Source "ChessBase"]
[SourceQuality "1"]
[WhiteTeam "UKS 21 Podlesie"]
[BlackTeam "Wrzos Miedzyborow"]
[TimeControl "30/5400+30:1800+30"]

1. e4 {[%emt 0:00:00]} e5 {[%emt 0:00:00]} 2. Nf3 {[%emt 0:00:00]} Nc6 {[%emt 0:00:00]} 3. d4 {[%emt 0:00:00]} exd4 {[%emt 0:00:00]} 4. Nxd4 {[%emt 0:00:00]} Nf6 {[%emt 0:00:00]} 5. Nxc6 {[%emt 0:00:06]} bxc6 {[%emt 0:00:00]} 6. Qe2 {[%emt 0:00:05]} a5 {[%emt 0:01:27]} 7. Nc3 {[%emt 0:15:01]} Bb4 {[%emt 0:03:50]} 8. Bd2 {[%emt 0:12:11]} O-O {[%emt 0:03:12]} 9. O-O-O {[%emt 0:02:09]} Re8 {[%emt 0:01:42]} 10. f3 {[%emt 0:02:34]} d5 {[%emt 0:02:18]} 11. Qf2 {[%emt 0:01:51]} Rb8 {[%emt 0:10:05]} 12. Bd3 {[%emt 0:12:58]} Qd6 {[%emt 0:06:21]} 13. Nb1 {[%emt 0:04:39]} dxe4 {[%emt 0:06:23]} 14. Bxe4 {[%emt 0:10:41]} Nxe4 {[%emt 0:01:37]} 15. fxe4 {[%emt 0:00:17]} Bg4 {[%emt 0:01:59]} 16. Rde1 {[%emt 0:03:15]} Be6 {[%emt 0:06:58]} 17. a3 {[%emt 0:02:56]} Bxd2+ {[%emt 0:10:36]} 18. Qxd2 {[%emt 0:00:36]} Qe5 {[%emt 0:00:27]} 19. Qc3 {[%emt 0:00:51]} Qg5+ {[%emt 0:00:52]} 20. Qd2 {[%emt 0:02:29]} Qb5 {[%emt 0:00:28]} 21. Qc3 {[%emt 0:00:09]} Qg5+ {[%emt 0:01:06]} 22. Qd2 {[%emt 0:00:07]} Qb5 {[%emt 0:03:27]} 23. Qc3 {[%emt 0:00:06]} Red8 {[%emt 0:00:06]} 24. Nd2 {[%emt 0:05:36]} Qg5 {[%emt 0:03:59]} 25. h4 {[%emt 0:00:16]} Qf4 {[%emt 0:00:07]} 26. g3 {[%emt 0:04:33]} Qd6 {[%emt 0:02:03]} 27. Re3 {[%emt 0:00:50]} c5 {[%emt 0:01:09]} 28. Rd3 {[%emt 0:07:43]} Qb6 {[%emt 0:00:14]} 29. Rxd8+ {[%emt 0:03:24]} Rxd8 {[%emt 0:00:33]} 30. Nc4 {[%emt 0:03:18]} Qc6 {[%emt 0:00:06]} 31. Nxa5 {[%emt 0:30:56]} Qxe4 {[%emt 0:30:20]} 32. Re1 {[%emt 0:00:04]} Qd5 {[%emt 0:01:08]} 33. b3 {[%emt 0:00:25]} f6 {[%emt 0:07:06]} 34. Nb7 {[%emt 0:00:46]} Ra8 {[%emt 0:04:23]} 35. Qxc5 {[%emt 0:02:07]} Bf7 {[%emt 0:01:55]} 36. Qxc7 {[%emt 0:00:50]} Qd4 {[%emt 0:02:43]} 37. Kb1 {[%emt 0:01:15]} h5 {[%emt 0:01:59]} 38. Nd6 {[%emt 0:00:50]} Bxb3 {[%emt 0:07:50]} 39. cxb3 {[%emt 0:00:09]} Qd3+ {[%emt 0:00:01]} 40. Kc1 {[%emt 0:00:00]} Qxg3 {[%emt 0:00:00]} 41. Qf7+ {[%emt 0:00:00]} Kh7 {[%emt 0:00:00]} 42. Qxh5+ {[%emt 0:00:00]} Kg8 {[%emt 0:00:00]} 43. Qd5+ {[%emt 0:00:00]} Kh7 {[%emt 0:00:00]} 44. Qe4+ {[%emt 0:00:00]} g6 {[%emt 0:00:00]} 45. Qe7+ {[%emt 0:00:00]} Kh6 {[%emt 0:00:00]} 46. Qe3+ {[%emt 0:00:00]} Qxe3+ {[%emt 0:00:00]} 47. Rxe3 {[%emt 0:00:00]} Rxa3 {[%emt 0:00:00]} 48. Kb2 {[%emt 0:00:00]} Ra6 {[%emt 0:00:00]} 49. Re6 {[%emt 0:00:00]} Kh5 {[%emt 0:00:00]} 50. Rxf6 {[%emt 0:00:00]} Rb6 {[%emt 0:00:00]} 51. Kc3 {[%emt 0:00:00]} Rc6+ {[%emt 0:00:00]} 52. Kd4 {[%emt 0:00:00]} Rc1 {[%emt 0:00:00]} 53. b4 {[%emt 0:00:00]} Rg1 {[%emt 0:00:00]} 54. Rf4 {[%emt 0:00:00]} 1-0

[Event "DMP Ekstraliga 2020"]
[Site "Krakow"]
[Date "2020.08.31"]
[Round "6.13"]
[White "Harikrishna, Pentala"]
[Black "Golubka, Petro"]
[Result "1/2-1/2"]
[WhiteElo "2732"]
[BlackElo "2495"]
[Annotator "TA"]
[PlyCount "120"]
[EventDate "2020.08.26"]
[EventType "team-tourn"]
[EventCountry "POL"]
[SourceTitle "playchess.com"]
[Source "ChessBase"]
[SourceQuality "1"]
[WhiteTeam "Polonia Wroclaw"]
[BlackTeam "Hetman Plock"]

{[%evp 17,120,49,43,19,12,12,23,12,11,14,26,33,27,6,11,0,26,9,9,0,0,0,0,0,0,-25,-22,-47,-3,-8,0,-8,-4,-3,-8,-4,0,0,8,6,10,6,20,6,21,0,60,58,79,35,18,31,13,9,30,21,25,11,19,19,32,9,8,8,18,0,0,0,0,0,0,-9,0,0,0,0,0,0,0,0,0,0,0,0,0,0,0,0,0,0,0,0,0,0,0,0,0,0,0,0,0,0,0,0,0]} 1. e4 e5 2. Nf3 Nc6 3. Bb5 a6 4. Ba4 d6 5. O-O Bd7 6. c3 g6 7. d4 Bg7 8. Re1 Nge7 {8...Nf6 is the fancy move. Played by Vladislav Artemiev in June 2020.} 9. Be3 O-O 10. dxe5 {C76: Ruy Lopez: Deferred Steinitz: 5 c3 Bd7 6 d4 g6.} Nxe5 11. Nxe5 Bxe5 12. Nd2 {White has an edge.} Bxa4 13. Qxa4 Qe8 {[#]} 14. Qc2 $146 ({Predecessor:} 14. Qb3 Qb5 15. Nf3 Qxb3 16. axb3 {½-½ (16) Djurasevic,B-Matanovic,A Sarajevo 1958}) 14... Bg7 15. Nf3 Nc6 16. a4 Ne5 17. Nd4 Qd7 18. Rad1 b5 19. axb5 axb5 20. b3 Rfe8 21. f4 Ng4 22. Bc1 c6 (22... c5 $5 {[%cal Rc5d4]} 23. Nf3 c4 $15) 23. h3 Nf6 24. Nf3 Qc7 25. c4 bxc4 26. bxc4 Rad8 27. Bb2 Nh5 28. Bxg7 Nxg7 29. Qf2 d5 30. e5 Ne6 31. cxd5 cxd5 (31... Rxd5 $11 32. f5 gxf5) 32. Nh2 $14 {aiming for Ng4.} Qc5 33. Qxc5 Nxc5 34. Ng4 {[#] Nf6+ is the strong threat.} Ne4 35. Rd4 Kg7 36. Ne3 Nc3 37. Kh2 h5 38. Rd3 d4 39. Nc4 Rd5 {The position is equal.} 40. Nd2 Red8 41. Nf3 Na4 42. e6 Nc5 {[#]} 43. Rxd4 $1 {[%mdl 512]} Nxe6 (43... Rxd4 44. Nxd4) 44. Rb4 Nd4 45. Rxd4 Rxd4 46. Nxd4 Rxd4 $11 {[%mdl 4096] Endgame KR-KR} 47. Kg3 Ra4 48. Re3 Rb4 (48... h4+ $5 49. Kxh4 Rxf4+ 50. g4 Ra4 $11) 49. Kf3 Ra4 50. g4 hxg4+ 51. hxg4 Rb4 52. Re4 Rb3+ 53. Re3 Rb7 (53... Rb4 {keeps more tension.}) 54. Ra3 Rb4 55. Kg3 Rc4 56. Rb3 Ra4 57. Rc3 Rb4 58. Ra3 Rc4 59. Rb3 Ra4 60. Rc3 Rb4 {Accuracy: White = 96%, Black = 92%.} 1/2-1/2

[Event "DMP Ekstraliga 2020"]
[Site "Krakow"]
[Date "2020.08.31"]
[Round "6.14"]
[White "Pultinevicius, Paulius"]
[Black "Bartel, Mateusz"]
[Result "0-1"]
[WhiteElo "2519"]
[BlackElo "2643"]
[Annotator "TA"]
[PlyCount "136"]
[EventDate "2020.08.26"]
[EventType "team-tourn"]
[EventCountry "POL"]
[SourceTitle "playchess.com"]
[Source "ChessBase"]
[SourceQuality "1"]
[WhiteTeam "Hetman Plock"]
[BlackTeam "Polonia Wroclaw"]

{[%evp 13,136,9,10,-8,-12,-25,-26,-35,-20,-18,-26,-31,-30,-32,-27,-34,-33,-25,-19,-20,-20,-33,-21,-24,-25,-28,-18,-38,-15,-42,-37,-41,-38,-38,-35,-50,-41,-36,-22,-53,-46,-60,-63,-53,-64,-65,-52,-59,-54,-56,-48,-51,-49,-57,-41,-69,-42,-54,-50,-75,-66,-122,-114,-142,-148,-166,-175,-252,-252,-252,-258,-295,-295,-391,-397,-379,-372,-325,-336,-239,-242,-397,-383,-397,-397,-397,-397,-397,-397,-397,-397,-397,-397,-397,-397,-397,-397,-397,-320,-397,-324,-372,-372,-238,-238,-515,-343,-29962,-236,-235,-235,-11230,-9803,-7137,-5692,-29965,-5104,-29976,-29977,-29979,-29981,-29981,-29982,-29982,-29983]} 1. d4 d5 2. c4 c6 3. Nf3 Nf6 4. e3 Bf5 5. Nc3 e6 6. Bd3 Bg6 7. O-O Nbd7 8. cxd5 {D12: Slav Defence: 3 Nf3 Nf6 4 e3 Bf5.} exd5 9. Qc2 Bd6 10. Re1 {Black has an edge.} O-O {[#]} 11. Bxg6 $146 ({Predecessor:} 11. Bd2 Bh5 12. e4 dxe4 13. Nxe4 Nxe4 14. Bxe4 h6 15. Ne5 Re8 16. Nxd7 Qxd7 17. Bf5 {0-1 (54) Lewyk,I (2106)-Henriksson,J (2289) Paignton 2011}) 11... hxg6 12. e4 dxe4 13. Nxe4 Nxe4 14. Qxe4 Re8 15. Qxe8+ Qxe8 16. Rxe8+ Rxe8 17. Bd2 Nb6 18. Kf1 f6 19. Re1 Rd8 20. Ba5 Kf7 21. Nd2 Be7 (21... Bxh2 $6 22. g3 $14) 22. Nb3 Rd5 23. Bxb6 axb6 $15 {[%mdl 4096] Endgame KRB-KRN} 24. a4 f5 25. Ke2 Bf6 26. Rd1 Rd8 27. a5 Rd5 {White must now prevent ...Rb5.} 28. axb6 Rb5 29. Rd3 Rxb6 30. Kd2 Rb5 31. Kc2 Rd5 32. Rd1 Ke7 33. f3 Kd6 34. Rd3 Rb5 35. Nc1 Ra5 36. Nb3 Ra4 {Black keeps a firm grip on the game.} 37. Nc5 ({White should play} 37. f4 $15) 37... Rc4+ $17 (37... Rxd4 38. Rxd4+ Bxd4 39. Nxb7+ Kc7 40. Na5 $11) 38. Rc3 b5 {[%cal Bb7b5,Bb5c4][%mdl 32]} ({Reject} 38... Rxd4 $6 39. Nxb7+ Kd7 40. Rd3 $11) 39. Nb3 Kd5 40. Rxc4 (40. Kd2 {was necessary.}) 40... bxc4 $19 {KB-KN} ({But not} 40... Kxc4 41. h3 $17) 41. Nd2 Kxd4 ({Resist} 41... Bxd4 42. Nf1 $17) 42. f4 Kd5 43. Nf3 Ke4 44. Nd2+ Kxf4 45. Nxc4 Ke4 46. Kd2 Kd4 47. Na5 $2 {[#]} (47. Nb6 {was the only chance.}) 47... Kc5 48. b3 Be5 49. h3 Bc7 50. Nc4 Kd4 51. Kc2 g5 52. Kd2 g6 53. Kc2 Bd8 54. Kd2 Be7 55. Ke2 Bb4 56. Kd1 Kc3 57. Ne5 c5 58. Nxg6 Kxb3 {Strongly threatening ...c4.} 59. Ne7 $2 (59. Ne5 {was the only defense.}) 59... f4 60. Nd5 $2 {[#]} (60. Nc6 $19) 60... Kc4 $2 (60... c4 {mates} 61. Ke2 c3 62. Nxc3 Kxc3 63. Kf3 Bd6 64. Kg4 Kd2 65. Kxg5 Ke1 66. Kf5 Kf1 67. Ke6 Ba3 68. Ke5 Bc1 69. g4 fxg3 70. Kf6 g2 71. Ke6 g1=Q 72. Kd6 Qh2+ 73. Kd5 Qxh3 74. Kc6 Qe6+ 75. Kc5 Ke2 76. Kb5 Kd3 77. Kc5 Bd2 78. Kb5 Qd6 79. Ka4 Qb4#) 61. Nf6 Kd3 62. Nd5 $2 (62. Ng4) 62... Bd2 {( -> ...c4)} 63. Ne7 Bc3 64. Ng6 Ke3 65. Kc2 Bf6 {Black mates.} 66. Kd1 Kf2 67. h4 Kxg2 68. hxg5 Bxg5 {Accuracy: White = 62%, Black = 92%.} 0-1

[Event "DMP Ekstraliga 2020"]
[Site "Krakow"]
[Date "2020.08.31"]
[Round "6.15"]
[White "Gumularz, Szymon"]
[Black "Warakomski, Tomasz"]
[Result "1/2-1/2"]
[WhiteElo "2506"]
[BlackElo "2515"]
[Annotator "ChessBase"]
[PlyCount "74"]
[EventDate "2020.08.26"]
[EventType "team-tourn"]
[EventCountry "POL"]
[SourceTitle "playchess.com"]
[Source "ChessBase"]
[SourceQuality "1"]
[WhiteTeam "Polonia Wroclaw"]
[BlackTeam "Hetman Plock"]
[TimeControl "30/5400+30:1800+30"]

1. d4 {[%emt 0:00:00]} d5 {[%emt 0:00:33]} 2. c4 {[%emt 0:00:00]} c6 {[%emt 0:00:05]} 3. Nc3 {[%emt 0:00:38]} Nf6 {[%emt 0:00:05]} 4. cxd5 {[%emt 0:00:55]} cxd5 {[%emt 0:00:07]} 5. Bf4 {[%emt 0:00:04]} Nc6 {[%emt 0:01:17]} 6. e3 {[%emt 0:00:05]} Bf5 {[%emt 0:05:54]} 7. Qb3 {[%emt 0:00:36]} Na5 {[%emt 0:08:23]} 8. Qa4+ {[%emt 0:01:07]} Bd7 {[%emt 0:00:07]} 9. Qc2 {[%emt 0:00:05]} Rc8 {[%emt 0:02:29]} 10. Bd3 {[%emt 0:00:34]} Nc6 {[%emt 0:04:38]} 11. a3 {[%emt 0:01:53]} Bg4 {[%emt 0:01:56]} 12. Nge2 {[%emt 0:10:23]} e6 {[%emt 0:00:50]} 13. Ng3 {[%emt 0:24:26]} Bh5 {[%emt 0:14:23]} 14. Nxh5 {[%emt 0:10:31]} Nxh5 {[%emt 0:00:11]} 15. Be5 {[%emt 0:00:46]} Nf6 {[%emt 0:04:06]} 16. Qb3 {[%emt 0:06:53]} Nxe5 {[%emt 0:11:37]} 17. dxe5 {[%emt 0:00:35]} Nd7 {[%emt 0:00:04]} 18. Qxb7 {[%emt 0:04:54]} Rc7 {[%emt 0:00:16]} 19. Qa6 {[%emt 0:07:47]} Nxe5 {[%emt 0:03:41]} 20. Qa4+ {[%emt 0:02:36]} Nd7 {[%emt 0:00:17]} 21. e4 {[%emt 0:01:59]} dxe4 {[%emt 0:09:20]} 22. Bb5 {[%emt 0:00:55]} f5 {[%emt 0:10:49]} 23. Rd1 {[%emt 0:06:16]} Bc5 {[%emt 0:02:28]} 24. Rxd7 {[%emt 0:04:07]} Rxd7 {[%emt 0:00:07]} 25. Qc4 {[%emt 0:00:08]} Bxf2+ {[%emt 0:07:13]} 26. Kxf2 {[%emt 0:01:04]} Qb6+ {[%emt 0:00:03]} 27. Kf1 {[%emt 0:04:33]} Ke7 {[%emt 0:00:06]} 28. Bxd7 {[%emt 0:00:05]} Kxd7 {[%emt 0:00:04]} 29. Na4 {[%emt 0:01:31]} Qd6 {[%emt 0:00:40]} 30. Qb5+ {[%emt 0:04:11]} Ke7 {[%emt 0:00:33]} 31. Qc5 {[%emt 0:33:51]} Rc8 {[%emt 0:30:14]} 32. Qxd6+ {[%emt 0:00:58]} Kxd6 {[%emt 0:00:05]} 33. Nc3 {[%emt 0:00:32]} Rb8 {[%emt 0:00:08]} 34. Nd1 {[%emt 0:00:43]} Rc8 {[%emt 0:02:18]} 35. Nc3 {[%emt 0:00:04]} Rb8 {[%emt 0:00:03]} 36. Nd1 {[%emt 0:00:11]} Rc8 {[%emt 0:00:24]} 37. Nc3 {[%emt 0:01:10]} Ke5 1/2-1/2